000 00673nam a2200241 i 4500
001 C2-0297891
003 PPAK
005 20180728080047.0
008 090524s2005 ii |||| ||||| | tam d
040 _aPPAK
_beng
_cPPAK
_erda
082 0 4 _a658.81
_223
090 0 0 _a658.81
_bMOR
_dG
100 1 _aMorita, Akio,
_eauthor
245 1 0 _aSony niruvanam valarntha kathai
264 1 _aChennai, India :
_bKannadhasan Pathippagam ,
_c2005
300 _a384 pages ;
_c18 cm
336 _2rdacontent
_atext
337 _2rdamedia
_aunmediated
338 _2rdacarrier
_avolume
500 _aOriginal title : Made in Japan
650 1 0 _aSales management.
942 _ddc
_cB
999 _c102251
_d102251